| 000 | 00902nam a22002417a 4500 | ||
|---|---|---|---|
| 005 | 20240530110525.0 | ||
| 008 | 160302s2013 ua g b 000 0 ara d | ||
| 017 |
_a2012/23456 _bمصر . دار الكتب المصرية |
||
| 020 | _a9789774312590 | ||
| 040 | _aEG-CaGPL | ||
| 082 | 0 | 4 |
_221 _a370\ _bأ ق |
| 100 | 0 | _aايمن يسن | |
| 245 | 1 | 0 |
_aقضايا التعليم على مائدة التربويين / _cتاليف ايمن يسن |
| 250 | _aط1 | ||
| 260 |
_aالقاهرة : _bمؤسسة طيبة للنشر و التوزيع ، _c2013 . |
||
| 300 |
_a321 ص ؛ _c24 سم . |
||
| 504 | _aيشتمل على ارجاعات ببليوجرافية | ||
| 650 | 0 | 4 |
_aالتعليم _xطرق التدريس |
| 650 | 0 | 4 | _aالتخطيط التربوى |
| 650 | 0 | 4 |
_aالتعليم _xالبحوث التربوية |
| 942 |
_2ddc _cBK |
||
| 999 |
_c61983 _d61983 |
||